| 000 | 00898cam a22002655a 4500 | ||
|---|---|---|---|
| 001 | 157999 | ||
| 008 | 131003s2013 xxk f 000 0 eng d | ||
| 020 | _a9781848063419 | ||
| 035 | _a(Sirsi) u157999 | ||
| 041 | 0 | _aeng | |
| 100 | 1 | _aThorne, Andrew | |
| 245 | 0 | 0 |
_aPrioritising maintenance and investment in school buildings _b a non technical guide for head teachers, senior staff, energy team members and site managers/caretakers |
| 260 |
_aWatford _bBRE _c2013 |
||
| 300 |
_a8p. _bill. _c30cm. |
||
| 490 | 0 |
_aBRE Information Paper _v(10/13) |
|
| 520 | _aDesigned to help school staff to set priorities for investment to help optimise their buildings and grounds. | ||
| 521 | _aAdvanced | ||
| 590 | _aKA | ||
| 650 | 2 | 4 | _aBUILDING MAINTENANCE |
| 651 | 4 | _aENGLAND AND WALES | |
| 690 | _aMAINTENANCE, SCHOOLS | ||
| 700 | 1 | _aBalson, Kiruthiga | |
| 700 | 1 | _aMurphy, Chloe | |
| 942 | _n0 | ||
| 999 |
_c115066 _d115066 |
||